Catalog

Record Details

Catalog Search



Gemeindepraxis : Analysen und Aufgaben Cover Image Book Book

Gemeindepraxis : Analysen und Aufgaben Norbert Greinacher, Norbert Mette und Wilhelm Möhler

Greinacher, Norbert (Author). Mette, Norbert (Added Author). Möhler, Wilhelm (Added Author).

Record details

  • ISBN: 3-459-01196-3
  • Physical Description: 320 S.
  • Publisher: München Chr. Kaiser Verlag 1979

Available copies

  • 1 of 1 copy available at Common Catalog SPOK.

Holds

  • 0 current holds with 1 total copy.
Show All Copies
Location Call Number / Copy Notes Barcode Shelving Location Status Due Date
ETS Library 260 424470008878 Volný výběr Available -

LDR 00795nam a2 00277
00144479
003CZ-PrJAB
00520040331000000.0
008010219s1979 xr e |||| |ger
009ge
020 . ‡a3-459-01196-3
035 . ‡a(CONS)3037
035 . ‡aKPS8128
040 . ‡aABG450
041 . ‡ager
08214. ‡a260
100 . ‡72513 ‡aGreinacher, Norbert
245 . ‡aGemeindepraxis : ‡bAnalysen und Aufgaben ‡cNorbert Greinacher, Norbert Mette und Wilhelm Möhler
260 . ‡aMünchen ‡bChr. Kaiser Verlag ‡c1979
300 . ‡a320 S.
490 . ‡aPraxis der Kirche
653 . ‡aGemeindepraxis ‡aAnalysen und Aufgaben
700 . ‡72514 ‡aMette, Norbert
700 . ‡72515 ‡aMöhler, Wilhelm
8524 . ‡bETS ‡bETS ‡cVolný výběr ‡j260 ‡gA ‡p424470008878
910 . ‡aABG450
999 . ‡a3037 ‡bAUTOGEN ‡c3037 ‡tbiblio
905 . ‡uadmin
901 . ‡a44479 ‡b ‡c44479 ‡tbiblio ‡sets

Additional Resources